[Event "Tilburg"]
[Site "Tilburg"]
[Date "1994.??.??"]
[Round "1"]
[White "Seirawan, Yasser"]
[Black "Smyslov, Vassily V"]
[Result "0-1"]
[WhiteElo "2585"]
[BlackElo "2510"]
[Annotator "Hansen,Cu"]
[PlyCount "77"]
[EventDate "1994.09.??"]
[EventType "k.o."]
[EventRounds "7"]
[EventCountry "NED"]
[SourceTitle "CBM 044"]
[Source "ChessBase"]
[SourceDate "1995.02.01"]
[SourceVersion "1"]
[SourceVersionDate "1995.02.01"]
[SourceQuality "1"]

1. d4 {Ftacnik} Nf6 2. c4 e6 3. Nf3 Bb4+ 4. Nbd2 c5 5. a3 Bxd2+ 6. Bxd2 {^^} d6
(6... b6 7. Bg5 (7. dxc5 bxc5 8. g3 Bb7 9. Bg2 Ne4 10. O-O Nc6 11. Be3 Qe7 12.
Nd2 Nxd2 13. Qxd2 d6 14. b4 O-O 15. bxc5 dxc5 16. Rab1 Rac8 17. Rb5 Rfd8 18.
Qb2 Ba6 19. Rxc5 Qd6 20. Rc1 f6 21. Be4 h6 {Bayer,E-Rother,C/BL 8990
Regensburg-Koblenz [5] 1990/1-0 (45)}) 7... Bb7 (7... cxd4 8. Nxd4 d5 9. g3 Bb7
10. Bg2 Qd7 11. Bxf6 gxf6 12. cxd5 Bxd5 13. Bxd5 Qxd5 14. O-O O-O 15. Rc1 Rd8
16. e3 Na6 17. b4 Rac8 18. Qg4+ Kh8 19. Rfd1 Rxc1 20. Rxc1 Qa2 21. Qf3 Kg7 22.
Qb7 Qxa3 23. Nxe6+ Kh6 24. Qxf7 Qxc1+ 25. Kg2 Qc6+ 26. Kh3 {1-0 Mohr,
S-Schneider,A/Budapest +++ 1988}) (7... h6 8. Bh4 d6 9. e3 Bb7 10. Be2 Nbd7 11.
O-O Qc7 12. b4 O-O 13. Nd2 Rfe8 14. f3 d5 15. Rc1 cxd4 16. cxd5 Qe5 17. Nc4
Qxd5 18. e4 Nxe4 19. fxe4 Qxe4 20. Bf3 Qxh4 21. Bxb7 Rad8 22. Nd6 Rf8 23. Rc4
e5 24. Nf5 Qg5 25. h4 Qf6 26. Rc6 Qxc6 27. Bxc6 {1-0 Walker,D-Giblin,W/BCF-ch 
(09) 1993}) 8. e3 O-O (8... Qe7 9. Be2 d6 10. dxc5 bxc5 11. Qd2 Nc6 12. b4 O-O
13. b5 Nb8 14. O-O Nbd7 15. Rfd1 d5 16. a4 h6 17. Bh4 g5 18. Bg3 Ne4 19. Qb2 f5
20. Be5 f4 21. Bd3 d4 22. exd4 g4 23. Bxe4 Bxe4 {Ftacnik,L-Podzielny,K.H/BL
1993/1-0 (35)}) 9. Be2 (9. Bd3 d6 10. O-O Qe7 11. b4 Nbd7 12. Nd2 h6 13. Bh4
Rfc8 14. Qe2 Qf8 15. Rab1 Bc6 16. Rfd1 a6 17. Bg3 b5 18. Nb3 bxc4 19. Bxc4 cxb4
20. axb4 Rcb8 21. Na5 {Mohr,S-Landenbergue,C/Aosta Mi-Cup 1988/1-0 (50)}) 9...
d6 10. O-O h6 11. Bh4 Qe7 12. b4 Nbd7 13. Qb3 g5 14. Bg3 Ne4 15. bxc5 dxc5 16.
Rad1 cxd4 17. exd4 f5 18. Ne5 Nxg3 19. Qxg3 Nxe5 20. dxe5 Rac8 21. Rd6 Rc5 22.
Rfd1 Rfc8 {1/2-1/2 Adianto,U-Antonio,R/Jakarta (04) 1994}) (6... cxd4 7. Nxd4
d5 (7... Ne4 8. Be3 O-O (8... b6 9. f3 Nc5 (9... Qh4+ $2 10. g3 Nxg3 11. Bf2
$18) (9... Nf6 10. Nb5 O-O 11. Nd6 $14) 10. Nb5 O-O 11. Bf4 a6 (11... Nc6 12.
Bd6 Qh4+ 13. g3 Qxc4 14. e4 $16) 12. Nc3 (12. Nc7 Ra7 13. Nxe6 dxe6 14. Qxd8
Rxd8 15. Bxb8 Rad7 $132) (12. Nd6 Qf6 13. Bc1 Nb7 $13) 12... Nc6 13. e3 Nb7 (
13... e5 14. Bg3 Bb7 15. Be2 $14 {xd5}) 14. Be2 d6 15. O-O e5 16. Bg3 Be6 17.
b4 Ne7 18. e4 a5 19. Bf2 $16 {xNb7} axb4 20. axb4 Nc6 21. Nd5 $1 Rxa1 (21...
Bxd5 $2 22. cxd5 Nxb4 23. Qb3 $18) 22. Qxa1 b5 $2 (22... Bxd5 23. cxd5 Nd4 24.
Bxd4 exd4 25. Qxd4 $16) 23. Qa6 (23. Qa6 $1 {1-0 Cramling,P-Masserey,Y/Biel 
(04) ;CBM 43 1994}) 23... Qd7 24. Qxc6 Qxc6 25. Ne7+ Kh8 26. Nxc6 $18) 9. g3 b6
(9... d5 10. Bg2 f5 11. cxd5 Qxd5 12. O-O Nd7 13. Qc2 Ndf6 14. Rfd1 Bd7 15.
Nxf5 Qxf5 16. Bxe4 Nxe4 17. Rxd7 Nxg3 18. Qxf5 Nxf5 19. Bc5 Rfc8 20. Bb4 Rc2
21. Kf1 e5 22. Bc3 Nd4 23. Rd1 b5 24. R1xd4 exd4 25. Bxd4 Re8 26. e3 g6 27.
Rxa7 {1-0 Langeweg,K-Hecht,H._J/Hengelo 5/539 1968}) 10. Bg2 Bb7 11. O-O Nd6
12. Bxb7 Nxb7 13. Qc2 Qc8 14. Rfd1 Nc6 15. Rac1 Ne5 16. h3 f6 17. b4 a5 18. Qb3
axb4 19. axb4 Ra6 20. Nb5 Qc6 21. f4 Nf7 22. Qd3 Rd8 23. Nc3 Ra3 24. Qd4 Rb3
25. Qxb6 Qxc4 26. Qxb7 Rxc3 27. Kf2 d5 28. Rxc3 Qxc3 29. Rc1 Qb3 30. Rc8 d4 31.
Bxd4 e5 32. Rxd8+ Nxd8 33. Qe7 {1-0 Cebalo,M-Djuric,S/Jugoslavija (ch) 41/582
1986}) (7... Nc6 8. Bc3 O-O 9. Nxc6 (9. Rc1 Ne4 10. e3 Qb6 11. Bd3 Nxc3 12.
Rxc3 Nxd4 13. exd4 d6 14. O-O h6 15. b4 e5 16. c5 dxc5 17. dxc5 Qc7 18. Qe2 Be6
19. Re1 f6 20. Qe4 Rfd8 21. c6 b6 22. Bc4 Bxc4 23. Qxc4+ Kf8 {Kasparov,
G-Timman,J/Brussels 5' 1987/1-0 (64)}) (9. Qc2 d5 10. e3 Bd7 11. Nf3 Ne4 12.
cxd5 exd5 13. Bd3 Nxc3 14. Qxc3 Rc8 15. O-O Bg4 16. Nd4 Qb6 17. h3 (17. Nf5
Bxf5 18. Bxf5 d4 {1/2-1/2 Mathe,G-Gyimesi,Z/Caissa KFT(08) 1993}) 17... Nxd4
18. Qxd4 Qxd4 19. exd4 Bd7 20. Rac1 Rxc1 21. Rxc1 {Timman,J-Ivkov,B/Rio de
Janeiro (izt) 28/596 1979/1/2-1/2 (45)}) 9... bxc6 10. Qd4 d5 11. e3 Re8 12.
Qe5 Ba6 13. O-O-O Qb8 14. f3 Qxe5 15. Bxe5 Nd7 16. Bg3 Nb6 17. c5 Bxf1 18.
Rhxf1 Nc4 19. Rd3 e5 20. e4 d4 21. a4 Rab8 22. b3 Ne3 23. Rg1 f5 24. exf5 Nxf5
{Hansen,LB-Yanvarjov,I/Budapest Spring-op 1989/1/2-1/2 (50)}) (7... d6 8. g3
O-O 9. Bg2 $14 {^^} a6 10. Bb4 $5 Ne8 11. Qd2 {/\ Rd1, Nb3 ><d6} Ra7 $1 12. O-O
(12. c5 $6 e5 $1 13. Nb3 Be6) 12... b6 13. Rfd1 Rc7 (13... Bb7 $2 14. e4 $16)
14. b3 Bb7 15. Bxb7 (15. e4 $5 $14) 15... Rxb7 16. a4 Qc8 $1 17. a5 (17. e4 Nd7
{/\ Nc5}) 17... bxa5 18. Rxa5 e5 19. Nc2 Nc6 20. Ra4 (20. Rxa6 $4 Nxb4 21. Nxb4
Rxb4) 20... a5 $1 21. Bxa5 Rxb3 22. Bb4 $14 Nf6 $6 (22... Nxb4 {>=} 23. Rxb4
Rxb4 24. Qxb4 f5 25. Ne3 $14) 23. Bxd6 Ne4 24. Qe1 $8 Rd8 25. c5 Nc3 26. Na1 $1
Nxa4 27. Nxb3 Qe6 28. Rb1 h5 29. e3 $1 {/\ Na5 ><d4} Ra8 $1 30. h4 Ra7 $6 31.
Qc1 Qf5 32. Nd2 Qd3 $6 33. Rb3 Qe2 34. Ne4 f6 35. Qb1 $18 {/\ 36.Nf6, 36.Rb8}
Qc4 36. Rb8+ Kf7 37. Ng5+ $1 {1-0 Yusupov,A-Smyslov,V/USSR (ch) 46/668 1988})
8. cxd5 (8. e3 $1 e5 9. Nf3 Nc6 10. Bc3 Bg4 $8 (10... e4 11. Ne5 $16 {Ruban,V})
11. Be2 $1 dxc4 12. Nxe5 Nxe5 13. Bxe5 $14 {+/= Ruban,V-Gorelov,S/USSR 46/(668)
1988}) 8... Qxd5 9. e3 O-O (9... Bd7 10. Be2 e5 11. Bf3 e4 (11... Ne4 12. Qb3
Qxb3 13. Nxb3 Nxd2 14. Kxd2 Bc6 15. Rac1 {1/2-1/2 Michaelsen,N-Hecht,H/BL 8889
Bayern-HSK [7] 1988}) 12. Be2 Qg5 13. g4 O-O 14. h4 Qg6 15. g5 Nd5 16. Qb3 Nb6
17. Rg1 Nc6 18. Nxc6 Bxc6 19. h5 Qe6 20. Qxe6 fxe6 21. Bc3 Bd5 22. Rd1 Rac8 23.
Bg4 Rc6 24. Rg2 Na4 25. Be5 Nc5 26. Kf1 {Gorelov,S-Vitolinsh,A/URS-OT56
Uzhgorod 1988/1/2-1/2 (61)}) (9... a6 10. Bb4 e5 11. Nf3 Nc6 12. Bd6 Qe6 13.
Rc1 e4 14. Ng5 Qf5 15. Rc5 Qg4 16. Qb3 Qd7 17. Be5 Qe7 18. Qc2 Nd7 19. Rxc6
bxc6 20. Bf4 Nc5 21. b4 f6 22. bxc5 fxg5 23. Bd6 Qe6 24. Bc4 {Mohr,S-Hoelzl,F/
Budapest 1988/1-0 (40)}) 10. Bb4 Rd8 (10... Re8 11. Nb5 Na6 12. Qxd5 Nxd5 13.
Bd6 Bd7 14. e4 Red8 15. Bg3 Bxb5 16. Bxb5 Nf6 17. Bxa6 bxa6 18. f3 Nh5 19. Be5
Rac8 20. Rd1 f6 21. Rxd8+ Rxd8 22. Bc3 f5 23. exf5 exf5 24. g3 Kf7 25. Ke2 Nf6
26. Rd1 Nd5 27. Bd4 Nb6 28. b3 g6 29. Kd3 Nd7 {Ruban,V-Vitolinsh,A/URS-OT56
Uzhgorod 1988/1-0 (48)}) 11. Be7 Rd7 12. Bxf6 gxf6 13. Qg4+ Kf8 (13... Qg5 14.
Qxg5+ fxg5 15. Rc1 Na6 16. Bb5 $16) 14. Be2 Nc6 15. Bf3 Qd6 (15... Qa5+ 16. b4
Nxb4 17. Nxe6+ fxe6 18. Qxb4+ Qxb4+ 19. axb4 Rc7 20. Kd2 Bd7 21. Rhc1 $16) 16.
Rd1 (16. Nxc6 $2 Qd2+ 17. Kf1 bxc6 $10) (16. O-O Nxd4 17. exd4 Qxd4 18. Qh5 Kg7
$13) 16... Ne5 (16... Nxd4 17. Rxd4 Qe5 18. O-O $16) 17. Qh4 Nxf3+ 18. gxf3 Qe5
(18... e5 19. Qh6+ Ke8 20. Rg1 Qf8 21. Qxh7 $18) 19. Rg1 (19. Qxh7 Qg5 $16)
19... h5 20. f4 Qa5+ 21. b4 Qxa3 22. Qxf6 $18 Qxb4+ {Lobron,E-Kortschnoj,V/
Biel 1986/1-0 (33)}) 7. dxc5 (7. Qc2 Nc6 8. dxc5 (8. Bc3 Qc7 9. e3 O-O 10. dxc5
dxc5 11. Bxf6 gxf6 12. Bd3 f5 13. O-O Ne5 14. Nxe5 Qxe5 15. Rae1 Kh8 16. f4 Qg7
17. e4 fxe4 18. Bxe4 f5 19. Bf3 Rb8 20. Re5 b6 21. Rd1 Qf6 22. Qc3 Kg8 {
Roeder,M-Haslinger,C/London Lloyds (3) 1987/1-0 (34)}) 8... dxc5 9. Bc3 Qc7 10.
e3 e5 11. Bd3 Bg4 12. h3 Bh5 13. Ng5 O-O-O 14. O-O Rhe8 15. Bf5+ Kb8 16. Ne4
Nxe4 17. Bxe4 Bg6 18. Bxg6 hxg6 19. Rfd1 g5 20. Rxd8+ Rxd8 21. Rd1 f6 22. Rd5
Ne7 23. Rxd8+ Qxd8 24. Qh7 Qf8 25. Qd3 Kc7 26. Kf1 Qd8 27. Ke2 Qxd3+ 28. Kxd3
Kd6 {1/2-1/2 Gruenfeld,E-Levenfish,G/Moscow 1925}) (7. g3 b6 (7... Nc6 8. dxc5
dxc5 9. Bc3 O-O 10. Qc2 Qe7 11. Ne5 Nxe5 12. Bxe5 Ne8 13. Bg2 f6 14. Bc3 e5 15.
b4 Be6 16. bxc5 Rf7 17. c6 bxc6 18. Be4 g6 19. Bb4 Qc7 20. O-O Rc8 21. Rfd1 c5
22. Be1 {Poluliakhov,A-Neverov,A/RSFSR-ch Kuibishev 1990/1-0 (45)}) 8. Bg2 Bb7
9. dxc5 bxc5 10. O-O Qc7 11. b4 Nbd7 12. b5 O-O 13. a4 a5 14. Qb3 Ne4 15. Rfd1
h6 16. Be1 f5 17. Nd2 Ng5 18. Nf3 Nf7 19. Bc3 g5 20. Qb2 Nb6 21. Bg7 e5 22.
Bxf8 Rxf8 {Magomedov,M-Vitolinsh,A/URS-sf Daugavpils 1989/1-0 (41)}) 7... dxc5
8. Qc2 (8. Bc3 Qxd1+ 9. Rxd1 Nbd7 $10 {/\b7-b6,Bc8-b7} (9... b6 10. g3 Bb7 11.
Bg2 Nbd7 12. O-O Ke7 13. Ne5 Bxg2 14. Kxg2 Nxe5 15. Bxe5 Rhd8 16. Bxf6+ Kxf6 {
1/2-1/2 Cramling,P-Smyslov,V/Tumba-Aruba (03) 1992})) (8. Bf4 Qxd1+ 9. Rxd1 b6
10. e3 Bb7 11. Be2 Nc6 12. O-O O-O 13. b4 cxb4 14. axb4 Rfd8 15. b5 {+/=
Efimov,I-Spiridonov,S/Praha 39/(605) 1985}) 8... Nbd7 (8... b6 {/\Bb7, ><e4} 9.
e4 $5) 9. O-O-O {><d6, /\Bf4} Qc7 10. g3 Ng4 $1 (10... b6 $6 11. Bg2 (11. Bf4 {
Ftacnik} e5 12. Nxe5 Nxe5 13. Bg2 Rb8 14. Qc3 Nfg4 (14... Nfd7 15. Rxd7 $1) 15.
h3 g5 16. hxg4 gxf4 17. gxf4 Ng6 18. f5 Ne5 19. f4 $18) 11... Bb7 12. Bf4 e5 $2
13. Nxe5 $18) 11. Bf4 $6 (11. Be1 O-O $10 (11... a6 {Ftacnik} 12. h3 Nge5 13.
Nxe5 Nxe5 14. f4 Nc6 15. Bc3 O-O $13)) 11... e5 12. Bh3 h5 $1 (12... exf4 13.
Bxg4 (13. Qe4+ $2 Kf8 14. Bxg4 Nf6 $19) 13... O-O $14) (12... Nxf2 $2 {Ftacnik}
13. Bxd7+ Bxd7 14. Nxe5 Bc6 15. Ng6 $16) 13. Bxg4 hxg4 14. Nxe5 (14. Rxd7 {
Ftacnik} Qxd7 15. Nxe5 Qe6 $17) 14... Nxe5 15. Rd5 (15. Qe4 Rh5 $17) 15... Rh5
(15... f6 $2 {Ftacnik} 16. Bxe5 fxe5 17. Qg6+ Kf8 18. Rhd1 $18) 16. Rxe5+ $8 (
16. Qe4 f6 17. Bxe5 Rxe5 18. Qg6+ Kf8 $19) (16. Rhd1 {Ftacnik} Be6 17. Rxe5
Rxe5 18. Qh7 Rd8 19. Rxd8+ Qxd8 20. Bxe5 g6 $10) 16... Rxe5 17. Qh7 f6 $1 $17 (
17... Qe7 $2 {Ftacnik} 18. Rd1 $18) 18. Rd1 (18. Qg8+ Kd7 19. Qxg7+ (19. Rd1+
Kc6 $17 (19... Kc6 {Ftacnik} 20. Bxe5 Qxe5 21. Rd8 Kc7 22. Re8 Qg5+ 23. e3 a6
$17)) 19... Kc6 20. Qxf6+ Re6 $17 (20... Re6 21. Qxe6+ Bxe6 22. Bxc7 Kxc7 $17))
18... Kf7 19. Qh8 {/\Rd8 ~/=} Qc6 {/\20. - Bf5 21.Qxa8 Qe4-> -+} 20. Rd8 (20.
Bxe5 fxe5 {/\Qh6+} (20... fxe5 {Ftacnik} 21. Qh5+ (21. Rd8 $2 Qh6+ $1) 21...
Qg6 22. Qxe5 Be6 23. Qc7+ Kg8 24. Qxb7 Rf8 $17)) 20... Re8 (20... Bf5) 21. Qh5+
Ke7 22. Rd6 (22. Rxe8+ Qxe8 23. Qxc5+ Kf7 24. Qh5+ g6 $19) 22... Qe4 {/\Bf5}
23. Rd3 $8 {/\Re3, /\Bd6+} (23. Qxc5 Kf7 $19) 23... Be6 $8 24. Bd6+ Kd8 $19 25.
Be5+ (25. Bf4+ Bd7 26. Qxc5 Qc6 $19) (25. Bxc5+ {Ftacnik} Bd7 $19) 25... Bd7
26. Qf7 Qf5 {/\Qe6} 27. Bf4 g5 28. Be3 Qe6 29. Qg7 b6 30. Rd5 Qe7 31. Rxg5 Qxg7
(31... fxg5 $2 {Ftacnik} 32. Bxg5 $13) 32. Rxg7 Kc7 33. b3 Rxe3 34. fxe3 Rh8
35. e4 Rxh2 36. Kd2 Rg2 37. Rf7 Rxg3 38. e3 Rf3 39. Ke2 0-1

[Event "Sochi"]
[Site "Sochi"]
[Date "1993.??.??"]
[Round "?"]
[White "Pushkov, Nikolai"]
[Black "Obukhov, Alexander"]
[Result "1/2-1/2"]
[WhiteElo "2485"]
[BlackElo "2490"]
[Annotator "Hansen,LB"]
[PlyCount "101"]
[EventDate "1993.09.??"]
[EventType "tourn"]
[EventRounds "13"]
[EventCountry "RUS"]
[EventCategory "10"]
[SourceTitle "CBM 038"]
[Source "ChessBase"]
[SourceDate "1994.02.01"]
[SourceVersion "1"]
[SourceVersionDate "1994.02.01"]
[SourceQuality "1"]

1. d4 Nf6 2. Nf3 e6 3. c4 Bb4+ 4. Bd2 c5 5. Bxb4 cxb4 6. g3 O-O 7. Bg2 d6 8.
O-O Re8 9. a3 bxa3 (9... Qb6 10. axb4 Qxb4 11. Na3 Na6 $6 (11... Bd7 $5 12. Qd3
Bc6 13. Nc2 Qb6 14. Nd2 Bxg2 15. Kxg2 Nc6 16. b4 e5 17. e3 exd4 18. exd4 a6 19.
Rab1 Ne7 20. Rfe1 Qc7 $13 {Horvath,C-Obukhov,A/Kobanya op/1992/}) 12. Ne1 $1
Qb6 13. c5 $1 Qd8 $8 14. cxd6 Qxd6 15. Nc4 Qc7 16. Qb3 $16 {Chernin,
A-Kortchnoj,V/Beersheba/1993/}) (9... Nc6) 10. Rxa3 Qc7 11. b3 (11. Qc1 Nbd7 $6
(11... e5 $5) 12. b4 e5 13. dxe5 dxe5 14. c5 $1 {X d6} Nf8 15. Nc3 Bd7 16. Nd2
Bc6 17. e4 $1 Red8 18. Nc4 $16 {Mozny,M-Damjanovic,M/Prague Bohemians/1988/})
11... a5 $5 $146 (11... e5 $6 12. Nc3 Nc6 13. Nb5 Qe7 14. d5 Nb4 15. c5 $1 (15.
Rxa7 Rxa7 16. Nxa7 Bd7 {X d6}) 15... Ne4 16. cxd6 Nxd6 17. Nxd6 Qxd6 18. Nd2
$16 {Bates,R-Pedersen,S/Gausdal/1992/}) 12. Nc3 Bd7 $1 13. Qd2 Na6 14. e4 Bc6
$5 (14... e5 15. dxe5 dxe5 16. Nd5 Nxd5 (16... Nxe4 $2 17. Nxc7 (17. Qe3 $6 Qc5
$1) 17... Nxd2 18. Nxa8 Nxf1 19. Nb6 $18) 17. cxd5 Nc5 18. Qe3 Qd6 19. Raa1 $14
) 15. e5 (15. d5 $6 exd5 16. cxd5 Bd7 {/\Nc5=/+}) 15... dxe5 16. Nxe5 Bxg2 17.
Nb5 $1 (17. Kxg2 b6 {/\Qb7}) 17... Qe7 18. Kxg2 b6 $1 19. Raa1 Qb7+ 20. Kg1
Red8 $132 {X d4} 21. Rfd1 Nb4 22. Qe2 Qe4 $1 23. Qxe4 Nxe4 24. f3 Nd6 25. Nxd6
Rxd6 26. c5 $1 $8 (26. Kf2 $2 Rad8 27. Ke3 f6 28. Ng4 Nc6 $17) 26... bxc5 27.
dxc5 Rxd1+ 28. Rxd1 f6 $1 29. Nc4 Rc8 30. Nxa5 Rxc5 31. Rd8+ Kf7 32. Nc4 $10 e5
{/\Nc2-d4} 33. Rd7+ Kg6 34. Kf2 Nc2 35. g4 $1 Nd4 36. h4 h5 37. gxh5+ Kxh5 (
37... Kh6 $6 38. Ne3) 38. Rxg7 Nxb3 39. Ne3 Nd4 (39... Kxh4 40. Nf5+ Kh5 41.
Ng3+ Kh6 42. Nf5+ $10) 40. Rh7+ $6 (40. Rg8 Ra5 (40... Kxh4 41. f4 $10) 41. Ng4
$1 Ra2+ (41... Ra6 42. Rf8 Kg6 43. h5+ $10) 42. Ke3 Ra3+ 43. Ke4 Rxf3 (43...
f5+ 44. Kxe5 $10) 44. Nxf6+ Rxf6 45. Kxe5 $10) 40... Kg6 41. Rd7 Ra5 42. f4 $1
$8 Ra2+ 43. Kf1 exf4 44. Rxd4 fxe3 45. Re4 $10 Kh5 46. Rxe3 Kxh4 47. Rb3 f5 48.
Rc3 Kg4 49. Rb3 f4 50. Rc3 f3 51. Rc8 1/2-1/2

[Event "Malmo"]
[Site "Malmo"]
[Date "1994.??.??"]
[Round "7"]
[White "Ahlander, Bjorn"]
[Black "Andersson, Ulf"]
[Result "0-1"]
[WhiteElo "2415"]
[BlackElo "2620"]
[Annotator "Hansen,LB"]
[PlyCount "64"]
[EventDate "1994.06.??"]
[EventType "tourn"]
[EventRounds "9"]
[EventCountry "SWE"]
[EventCategory "12"]
[SourceTitle "CBM 042"]
[Source "ChessBase"]
[SourceDate "1994.10.01"]
[SourceVersion "1"]
[SourceVersionDate "1994.10.01"]
[SourceQuality "1"]

1. d4 Nf6 2. c4 e6 3. Nf3 Bb4+ 4. Bd2 Qe7 5. g3 Bxd2+ $5 (5... Nc6 6. Bg2 Bxd2+
7. Nbxd2 $8 (7. Qxd2 $6 Ne4 8. Qc2 Qb4+ $15 {X d4})) 6. Nbxd2 $6 (6. Qxd2 $1
$14) 6... d6 7. Bg2 O-O 8. O-O e5 9. e4 Bg4 10. h3 $2 (10. d5) 10... Bxf3 11.
Nxf3 c5 $1 $15 {X d4;Bg2} (11... Nxe4 $6 12. dxe5 dxe5 13. Qe2 $14) 12. dxe5 $8
(12. d5 $2 Nxe4 $17) 12... dxe5 13. Nh4 g6 14. Qd2 Nc6 15. Qg5 Kh8 16. f4 Ng8
$1 17. Qg4 (17. Qxe7 Ngxe7 $17) 17... Rad8 18. Rf2 Nf6 19. Qg5 Nh5 20. Qg4 $6 (
20. Qxe7 $142 Nxe7 $17) 20... Rd3 21. Bf3 Nd4 22. f5 Rg8 23. fxg6 fxg6 24. Raf1
Ne6 $1 $19 {X Qg4} 25. Bg2 $8 (25. Ng2 Nf6 26. Qh4 g5 27. Qh6 Rg6 $19) 25...
Rxg3 $19 26. Rf7 Qe8 27. Qd1 Nef4 28. Rxb7 g5 29. Nf5 Rxg2+ 30. Kh1 Ng3+ 31.
Nxg3 Rxg3 32. Qd6 Rxh3+ 0-1

[Event "EU-Cup 09th Group5"]
[Site "Balatonbereny"]
[Date "1993.09.08"]
[Round "2"]
[White "Lputian, Smbat G"]
[Black "Ulybin, Mikhail"]
[Result "0-1"]
[WhiteElo "2565"]
[BlackElo "2560"]
[Annotator "Hansen,LB"]
[PlyCount "168"]
[EventDate "1993.09.07"]
[EventType "team-k.o."]
[EventRounds "3"]
[EventCountry "HUN"]
[SourceTitle "EXT 2020"]
[Source "ChessBase"]
[SourceDate "2019.10.17"]
[SourceVersion "1"]
[SourceVersionDate "2019.10.17"]
[SourceQuality "1"]
[WhiteTeam "Hayastan Dinamo"]
[BlackTeam "Chelyabinsk Poliot"]
[WhiteTeamCountry "ARM"]
[BlackTeamCountry "RUS"]

1. d4 e6 2. c4 Nf6 3. Nf3 Bb4+ 4. Nbd2 b6 5. a3 Bxd2+ 6. Bxd2 Bb7 (6... d6 $5
7. Bg5 h6 8. Bh4 Nbd7 9. e3 g5 10. Bg3 Ne4 11. d5 e5 12. Bd3 Ndf6 13. Qc2 Nc5
14. Be2 a5 $13 {Epishin,V-Kuzmin,G/Moskva op/1992/}) 7. Bg5 d6 8. e3 Nbd7 9.
Bh4 $5 (9. Be2 O-O 10. O-O Re8 11. Nd2 c5 $1 12. b4 Qc7 13. Rc1 Ne4 14. Nxe4
Bxe4 15. Qd2 Nf8 16. f3 Bb7 17. e4 e5 18. d5 Bc8 $10 {Ribli,Z-Andersson,U/
Polanica Zdroj/1993/}) (9. Qc2 Qe7 10. Rd1 Be4 $1 11. Qa4 O-O 12. Bh4 a6 13.
Bd3 Bxd3 14. Rxd3 e5 $10 {Epishin,V-Kosten,A/Geneve/1993/}) (9. Bd3 h6 10. Bh4
g5 11. Bg3 h5 12. h4 $5 g4 13. Ng5 Bxg2 14. Rg1 Bb7 15. Qc2 Qe7 16. O-O-O O-O-O
17. b4 Kb8 18. Kb2 $44 {Gelfand,B-Hansen,C/Wijk op/1993/}) 9... h6 10. Nd2 (10.
Rc1 Qe7 11. b4 O-O 12. Be2 a5 $1 13. O-O axb4 14. axb4 Ra3 $13 {Gofhstein,
L-Maksimovic,B/Iraklion op/1992/}) 10... Qe7 11. Be2 c5 $1 12. Bf3 $6 (12. f3
$142 $13) 12... Bxf3 13. Qxf3 d5 $1 14. O-O O-O 15. Rac1 Rac8 16. Rc3 (16. cxd5
exd5 $15 {/\ Qe6}) 16... cxd4 17. exd4 Qd6 18. Bg3 Qc6 $1 19. Rfc1 dxc4 20.
Qxc6 Rxc6 21. Rxc4 Rxc4 22. Rxc4 Nd5 $15 {X d5,Bg3} 23. Kf1 Rd8 24. Ke2 N7f6
25. Nf1 $1 Kf8 26. Ne3 Ke7 27. Be5 $1 Ne8 {X Ne8} 28. Ra4 a5 29. Rc4 f6 30. Bg3
Kd7 $5 31. Nxd5 exd5 32. Rc3 Nd6 33. Bxd6 Kxd6 $10 34. Rg3 Rd7 35. h4 Re7+ 36.
Kd3 h5 37. a4 Rc7 38. f4 $4 (38. Re3 $10) 38... Ke6 $17 39. Re3+ Kf5 40. g3 Kg4
41. b3 Rc6 42. Kd2 g6 43. Kd3 f5 $1 44. Re5 Rd6 45. Re3 Kh3 $1 46. Kd2 Kg2 $1
47. Ke2 Rc6 $22 48. Kd3 Kf2 $1 {/\ Rc3} 49. Re5 $8 Rd6 50. Re3 Rf6 51. Kd2 Rc6
52. Rd3 Rc7 53. Kd1 Re7 $1 54. Rc3 Re3 $1 55. Rc6 Rxb3 56. Rxg6 Rb4 $19 57. Rg5
Rxa4 58. Rxf5 Rxd4+ 59. Kc2 Kxg3 60. Rxh5 Kxf4 61. Rh8 Ke5 62. h5 Rh4 63. h6
Kd4 64. h7 a4 65. Kb2 Rh3 66. Ra8 Rh2+ 67. Kc1 Rxh7 68. Rxa4+ Kc3 69. Ra3+ Kc4
70. Ra6 Rh1+ 71. Kb2 Rh2+ 72. Ka3 Rh3+ 73. Kb2 b5 74. Rc6+ Kb4 75. Kc2 d4 76.
Kd2 Kb3 77. Rc8 b4 78. Rd8 Ka2 79. Rxd4 b3 80. Ra4+ Kb1 {Lucena 1498} 81. Ra3
Rh2+ 82. Kd1 b2 83. Ra8 Rh5 84. Rd8 Ra5 0-1

[Event "Ter Apel"]
[Site "Ter Apel"]
[Date "1995.??.??"]
[Round "2"]
[White "Van Wely, Loek"]
[Black "Andersson, Ulf"]
[Result "1/2-1/2"]
[WhiteElo "2575"]
[BlackElo "2630"]
[Annotator "Hansen,LB"]
[PlyCount "73"]
[EventDate "1995.03.??"]
[EventType "tourn"]
[EventRounds "5"]
[EventCountry "NED"]
[EventCategory "16"]
[SourceTitle "CBM 047"]
[Source "ChessBase"]
[SourceDate "1995.08.01"]
[SourceVersion "1"]
[SourceVersionDate "1995.08.01"]
[SourceQuality "1"]

1. d4 Nf6 2. c4 e6 3. Nf3 Bb4+ 4. Bd2 Bxd2+ {Andersson special!} 5. Qxd2 O-O 6.
g3 d5 7. Bg2 Nbd7 8. O-O c6 9. Qc2 $5 $146 (9. Rc1 Re8 10. Qe3 (10. Qd3 $6 Qe7
11. Nbd2 e5 12. dxe5 Nxe5 13. Nxe5 Qxe5 14. cxd5 cxd5 15. e3 Qxb2 $17 {van der
Sterren,P-Andersson,U/Ter Apel/1994/}) 10... dxc4 11. Rxc4 e5 12. dxe5 Nxe5 $1
13. Rd4 Qb6 14. Qc3 c5 15. Rd1 Nc6 16. e3 Ne4 17. Qc1 Bg4 18. Nc3 Nxc3 19. Qxc3
{1/2-1/2/Dokhoian,Y-Andersson,U/Wijk/1990/}) 9... b6 10. Nbd2 Bb7 11. b4 $5 a5
12. a3 axb4 13. axb4 dxc4 14. Nxc4 c5 $1 15. dxc5 bxc5 16. b5 $1 $14 Qc7 17.
Qb2 Bd5 18. Nfd2 Bxg2 19. Kxg2 Nd5 $1 {^ Nb4 X b5} 20. Ne4 $1 h6 21. Ned6 N7b6
22. e4 $1 Nb4 23. Rfd1 Rab8 24. Nxb6 Rxb6 25. e5 Nd5 26. Rac1 (26. Nc4 $5 Rb7
27. Kg1 $5 $14) 26... f6 $1 $132 27. Kg1 fxe5 28. Nc4 Rb7 29. Re1 Rfb8 30. Qxe5
Qxe5 31. Rxe5 Rxb5 32. Rxe6 $10 Rb1 33. Ree1 Rxc1 34. Rxc1 Nf6 35. Ne5 Rc8 36.
f4 Kf8 37. Kf2 1/2-1/2

[Event "EU-chT (Men) 10th"]
[Site "Debrecen"]
[Date "1992.11.??"]
[Round "5.1"]
[White "Hansen, Lars Bo"]
[Black "Kortschnoj, Viktor Lvovich"]
[Result "1/2-1/2"]
[WhiteElo "2535"]
[BlackElo "2585"]
[Annotator "Hansen,LB"]
[PlyCount "91"]
[EventDate "1992.11.20"]
[EventType "team-swiss"]
[EventRounds "9"]
[EventCountry "HUN"]
[SourceTitle "EU-chT"]
[Source "ChessBase"]
[SourceDate "1999.07.01"]
[SourceVersion "2"]
[SourceVersionDate "1999.07.01"]
[SourceQuality "1"]
[WhiteTeam "Denmark"]
[BlackTeam "Switzerland"]
[WhiteTeamCountry "DEN"]
[BlackTeamCountry "SUI"]

1. d4 Nf6 2. c4 e6 3. g3 Bb4+ 4. Bd2 Qe7 5. Nf3 O-O 6. Bg2 Bxd2+ 7. Qxd2 d6 8.
Nc3 e5 9. O-O Bg4 10. d5 (10. Ne1 $5) 10... a5 11. Ne1 Na6 12. e4 c6 (12... Nc5
13. Nc2 $14) 13. Nd3 cxd5 14. cxd5 Nd7 (14... Bd7 15. f4 $14) (14... Rfc8 15.
f4) 15. f3 Bh5 16. Nd1 (16. Rac1 $14) 16... Nac5 17. Nxc5 Nxc5 18. Ne3 f6 19.
Rfc1 (19. Rac1) 19... Qd8 20. b3 (20. Rc2 $10) 20... b5 21. Rc2 Qb6 (21... b4
22. Rac1 a4 23. Rb1 $1 axb3 24. axb3 {/\ Nc4, Qe3=}) 22. Kh1 Rac8 23. Rac1 Rc7
24. h4 Rfc8 25. Kh2 Kf8 (25... Nb7 $2 26. Rc6 $1 Rxc6 27. dxc6 Nc5 28. Nf5 $1 {
/\ 29.Ne7, 29.Qd6+-}) 26. Nf5 (26. Bh3 $2 Bxf3 27. Bxc8 Rxc8 $17) 26... Nb7 (
26... Bg6 27. Ne3 Bh5 $10 (27... Nb7 $2 28. Rc6 $1 Rxc6 29. dxc6 Rxc6 30. Nd5
Qa6 31. Nc7 Qb6 32. Ne6+ Ke7 33. Rxc6 Qxc6 34. Nxg7 $16 {/\} Kf7 $2 35. Qh6))
27. Rxc7 Rxc7 28. Rxc7 Qxc7 29. g4 (29. a3 $5 Bg6 (29... Nc5 30. Qc3) 30. b4 $5
(30. Ne3 Nc5 31. Qc3 Na6) 30... Bxf5 31. exf5 axb4 32. axb4 {><b5, Nb7}) 29...
Bg6 30. Ng3 b4 31. g5 Qc3 32. Qe2 fxg5 33. hxg5 Be8 34. Qa6 Qc7 35. Qa7 (35.
Nf5 g6 36. Ne3 Nc5 37. Qa8 Qe7 $1) 35... g6 36. Bf1 (36. Nf1 $6 Qe7 $1) 36...
Bd7 37. Ba6 Qc2+ 38. Be2 (38. Ne2 Nc5 (38... Bc8 $2 39. Qb8 Ke7 40. Kg3 $1) 39.
Qb8+ Ke7 40. Qh8 $1 Nxa6 41. Qf6+ $10) 38... Bc8 39. Qb8 Ke7 40. Kg1 Kd8 (40...
Nd8 {Kortschnoj} 41. Qa7+ Bd7 42. Qxa5 (42. Bb5 Qc5+ 43. Qxc5 dxc5 44. Bxd7
Kxd7 $17 {_|_ ><g5}) 42... Nf7 43. Qxb4 Qxa2 {/\ Ng5-/+ עg1}) (40... Qc5+ $1
41. Kg2 Nd8 {/\ Nf7-+}) 41. Ba6 Qc7 (41... Qc1+ 42. Nf1 Qc7 (42... Qxg5+ $6 43.
Kf2 Qh4+ 44. Ke2 $18)) 42. Qxc7+ Kxc7 43. Bxb7 Bxb7 44. Kf2 Ba6 45. Ke3 Kd7 46.
Nh1 1/2-1/2